000 00392nam a2200157Ia 4500
008 151213s9999 xx 000 0 und d
100 _aGeorge Santauana
245 _aThe Last Puritan
_cGeorge Santauana
250 _a1st
260 _aNew York
_bCharls Scribners Sons
_c1936
300 _a4544 p.
650 _aCritics
650 _aReference
700 _aGeorge Santauana
999 _c2918
_d2918